| 000 | 01701cam a22004814i 4500 | ||
|---|---|---|---|
| 003 | PE-LiUPU | ||
| 005 | 20250731165551.0 | ||
| 008 | 150625s r 000 0 d | ||
| 035 | _a(Sirsi) a34521 | ||
| 035 | _a(Sirsi) a34521 | ||
| 040 |
_aPE-LiUPU _bspa _cPE-LiUPU _erda |
||
| 082 | 0 | 4 |
_a985.04 _bD _223 |
| 100 | 1 |
_aValcárcel, Carlos Daniel, _d1911-2007, _eautor. |
|
| 245 | 1 | 3 |
_aLa universidad : _blibro XIV de claustros (1780-1790). _nVolumen 2. / _cestudio preliminar y edición por Carlos Daniel Valcárcel. |
| 264 | 1 |
_aLima : _bComisión Nacional del Sesquicentenario de la Independencia del Perú, _c1971. |
|
| 300 |
_a609 páginas ; _c24 centímetros. |
||
| 336 |
_atext _2rdacontent |
||
| 337 |
_aunmediated _2rdamedia |
||
| 338 |
_avolume _2rdacarrier |
||
| 490 | 0 |
_aColección Documental de la Independencia del Perú ; _v19 |
|
| 500 | _a"Año del sesquicentenario de la Independencia Nacional" | ||
| 505 | _a(Informes de sesiones 1786-1790) | ||
| 526 | _aSEG44 | ||
| 526 | _aSEG26 | ||
| 526 | _aP151 | ||
| 526 | _aP150 | ||
| 526 | _aP149 | ||
| 526 | _aP146 | ||
| 526 | _aP145 | ||
| 526 | _aP126 | ||
| 526 | _aP125 | ||
| 526 | _aP92 | ||
| 526 | _aP75 | ||
| 526 | _aP74 | ||
| 526 | _aP27 | ||
| 526 | _aP15 | ||
| 650 | 0 | 4 |
_aUniversidad _zPerú _xHistoria. |
| 710 |
_aComisión Nacional del Sesquicentenario de la Independencia del Perú. _91045 |
||
| 942 |
_2ddc _cBK |
||
| 949 |
_aRC 985.04 D 19 / 2 _wDEWEY _c1 _i17026 _lRC _mBUL _r0 _sY _tBOOK _u2015-6-25 _xBIBLIOTECA _zUNKNOWN _0COMPRA _o.CIRCNOTE. No olvidar cambiar la fecha de devolución!!!!!!! _o.STAFF. Colección General |
||
| 999 |
_c42387 _d42387 |
||
| 980 |
_81 _gALBERTO SANCHEZ Responsable de Automatización |
||